00850nam a22002177a 450000500170000000800410001702000180005804000210007604100080009708200150010510000280012024500650014826000420021330000120025565000410026770000240030894200120033299900170034495201350036195201360049620250326052619.0220926b ||||| |||| 00| 0 eng d a9789353593780 aIN-DiNCcIN-DiNC deng a658.3bGUP aGupta, Shashi Keauthor aHuman resource management/cby Shashi K Gupta and Rosy Joshi aLudhiana:bKalyani publishers,c2022. a25.11p. aConcept of human resource management aJoshi, Rosyeauthor 2ddccBK c11400d11400 00102ddc40708COMaMAINbMAINcGENd2022-09-26g250.00l8o658.3 GUPp29129r2024-09-12 05:31:02s2024-09-11t1w2022-09-26yBK 00102ddc40708COMaMAINbMAINcGENd2022-09-26g250.00l10o658.3 GUPp29130r2024-12-19 09:42:25s2024-12-04t2w2022-09-26yBK